LEADER 00930nam a2200229 i 4500 001 000000144628 003 CaOOAMICUS 005 20051107000000.0 008 051107s1963 it u000 u ita u 013 $a119986 040 $aSeMil$bita 245 13$aLa struttura dell'economia italiana. 260 $aMilano :$bIstituto Sociale Ambrosiano,$c1963. 300 $a277 p. ;$c17 cm. 490 0 $aQuaderni di formazione sociale ;$v6 650 4$aSocietà - Italia - Sec. 20.-21.$0(OLS)http://semarc/subject/16029 830 0$aQuaderni di formazione sociale ;$v6.$0(OLS)http://semarc/title/13525 850 $aSeMil 852 $aSeMil$W1$xVenegono$y1$m3M I 10$j97520$B97520$CSeMilBibl$Z2$F105365 $81 961 $aRecupero: Biblioteca Seminario Saronno 996 $6245$aLa struttura dell'economia italiana$9(OLS)http://semarc/title/211548 996 $6260$aMilano :$bIstituto Sociale Ambrosiano$9(OLS)http://semarc/publisher/31712 LEADER 01264nam a2200289 i 4500 001 000000232751 003 CaOOAMICUS 005 20140904000000.0 008 140904s1981 it u000 u ita u 013 $a211654 040 $aSeMil$bita 100 1 $aPrause, Gerhard.$0(OLS)http://semarc/name/41776 240 10$aHerodes der Große.$0(OLS)http://semarc/title/332076 245 10$aErode il grande /$cGerhard Prause ; Traduzione dal tedesco di Emanuelita Giannì. 260 $aMilano :$bRusconi,$ccopyr. 1981. 300 $a328 p., [24] p. di tav. :$bill. ;$c22 cm. 490 0 $aLa storia 500 $aContiene : Cronologia ; Fonti e bibliografia. 600 04$aErode I .$0(OLS)http://semarc/subject/17153 700 1 $aGiannì, Emanuelita.$0(OLS)http://semarc/name/41777 830 3$aLa storia [Rusconi].$0(OLS)http://semarc/title/9248 850 $aSeMil 852 $aSeMil$W1$xVenegono$y1$m1O I 107$j110896$B110896$CSeMilBibl$Z2$F120552 $81 852 $aSeMil$W1$xVenegono$y1$m2Z II 270$j183097$B183097$CSeMilBibl$Z2$F194070 $81 961 $aLascito: Colombo Card. Giovanni 996 $6245$aErode il grande$9(OLS)http://semarc/title/141270 996 $6260$aMilano :$bRusconi$9(OLS)http://semarc/publisher/30258 LEADER 00507nas a2200169 i 4500 001 000000194830 003 CaOOAMICUS 005 20101125000000.0 008 101125b1928 it uu u0 0ita r 013 $a173491 040 $aSeMil$bita 245 10$a[1928 :$b2]. 774 0 $t[Luglio-Dicembre].$w()274226 850 $aSeMil 852 $aSeMil$W1$xVenegono$y1$m111 5 8$j145399$B145399$CSeMilBibl$Z2$F156966 $82 961 $aRecupero: Scuola Cattolica 996 $6245$a[1928 :$b2]$9(OLS)http://semarc/title/280999